Niche envy (Record no. 248288)
[ view plain ]
| 000 -LEADER | |
|---|---|
| fixed length control field | 01360nam a22003614a 4500 |
| 082 04 - DEWEY DECIMAL CLASSIFICATION NUMBER | |
| Classification number | 658.8/34 |
| 100 1# - MAIN ENTRY--AUTHOR NAME | |
| Personal name | Turow, Joseph. |
| 245 10 - TITLE STATEMENT | |
| Title | Niche envy |
| 260 ## - PUBLICATION, DISTRIBUTION, ETC. (IMPRINT) | |
| Place of publication | Cambridge, Mass. : |
| Name of publisher | MIT Press, |
| Year of publication | c2006. |
| 300 ## - PHYSICAL DESCRIPTION | |
| Number of Pages | viii, 225 p. |
| 650 #0 - SUBJECT ADDED ENTRY--TOPICAL TERM | |
| Topical Term | Consumer profiling. |
| Topical Term | Market segmentation. |
| Topical Term | Marketing |
| Topical Term | Customer services |
| 856 40 - ELECTRONIC LOCATION AND ACCESS | |
| Uniform Resource Identifier | http://site.ebrary.com/lib/rucke/Doc?id=10173665 |
No items available.
